Movie by Tagline #6 - Statistics

General Stats
  • This quiz has been taken 1,381 times
    288 since last reset
  • The average score is 5 of 13
Answer Stats
Hint Initials Answer % Correct
The god of thunder. T Thor
99%
The only thing getting blown tonight is their cover. 21JS 21 Jump Street
81%
No Plan. No Backup. No Choice. MI:GP Mission Impossible: Ghost Protocol
64%
Before he was Professor X, he was Charles. Before he was Magneto, he was Erik. Before they were enemies, they were allies. XM: FC X-men: First Class
59%
Evil Goes Global RE: R Resident Evil:Retribution
44%
A Fire Will Rise TDKR The Dark Knight Rises
43%
The Battle for Earth Begins at Sea B Battleship
41%
When patriots become heroes. CA: TFA Captain America: The First Avenger
39%
This is Crazy. CSL Crazy, Stupid, Love.
35%
Face your future. Fight your past. L Looper
17%
It's a plunderful life TP!BOM The Pirates! Band of Misfits
9%
Back For War. TE2 The Expendables 2
8%
Every family has his demons DS Dark Shadows
6%
No matching quizzes found
Score Distribution
Percent of People with Each Score
Percentile by Number Answered
Your Score History
You have not taken this quiz since the last reset